[Event "Pojedinacno prvenstvo Centralne Srbije 2"]
[Site "Vrnjacka Banja"]
[Date "2014.03.22"]
[Round "8.8"]
[White "Rajkovic, Dusan"]
[Black "Cabrilo, Goran"]
[Result "1/2-1/2"]
[WhiteElo "2369"]
[BlackElo "2406"]
[PlyCount "20"]
[EventDate "2014.03.17"]

1. d4 Nf6 2. c4 e6 3. Nf3 b6 4. g3 Bb4+ 5. Nbd2 Bb7 6. Bg2 O-O 7. O-O d5 8.
cxd5 exd5 9. Ne5 Re8 10. Ndf3 Ne4 1/2-1/2

[Event "Pojedinacno prvenstvo Centralne Srbije 2"]
[Site "Vrnjacka Banja"]
[Date "2014.03.22"]
[Round "8.10"]
[White "Savicevic, Vlatko"]
[Black "Cvetkovic, Srdjan"]
[Result "1/2-1/2"]
[WhiteElo "2330"]
[BlackElo "2332"]
[PlyCount "56"]
[EventDate "2014.03.17"]

1. e4 c5 2. Nf3 e6 3. Nc3 Nc6 4. d4 cxd4 5. Nxd4 a6 6. g3 d6 7. Bg2 Bd7 8. O-O
Be7 9. a4 Nf6 10. Be3 Ne5 11. h3 Rc8 12. Nde2 O-O 13. b3 Nc6 14. g4 Qc7 15. g5
Nh5 16. f4 Nb4 17. Rf2 d5 18. exd5 exd5 19. Nxd5 Nxd5 20. Qxd5 Bc6 21. Qc4 Bxg2
22. Qxc7 Rxc7 23. Kxg2 Rxc2 24. Rd1 Re8 25. Rd3 g6 26. Ng3 Rxf2+ 27. Kxf2 Nxg3
28. Kxg3 Rd8 1/2-1/2

[Event "Pojedinacno prvenstvo Centralne Srbije 2"]
[Site "Vrnjacka Banja"]
[Date "2014.03.22"]
[Round "8.11"]
[White "Jovanovic, Bojan P"]
[Black "Rabrenovic, Vladan"]
[Result "1/2-1/2"]
[WhiteElo "2254"]
[BlackElo "2392"]
[PlyCount "81"]
[EventDate "2014.03.17"]

1. d4 d6 2. c4 e5 3. e3 Nd7 4. Nc3 Ngf6 5. Nf3 c6 6. Be2 Be7 7. O-O O-O 8. b3
Re8 9. Qc2 Bf8 10. Bb2 a6 11. Rfd1 e4 12. Nd2 d5 13. f3 exf3 14. Bxf3 Rxe3 15.
cxd5 cxd5 16. Nf1 Re8 17. Nxd5 Nxd5 18. Bxd5 Nf6 19. Bf3 Nd5 20. Qf2 Be6 21.
Nd2 Rc8 22. Nc4 g6 23. Ne5 Bh6 24. Bxd5 Qxd5 25. Bc1 Bxc1 26. Raxc1 Rxc1 27.
Rxc1 Rd8 28. Nf3 h6 29. h3 Kg7 30. Rc7 Rd7 31. Rxd7 Qxd7 32. Ne5 Qd5 33. Qd2
Qe4 34. Nc4 f5 35. Ne3 g5 36. Qc3 Kh7 37. Nc4 Qe2 38. Nd6 Kg6 39. Qc5 f4 40. d5
Qe1+ 41. Kh2 1/2-1/2

[Event "Pojedinacno prvenstvo Centralne Srbije 2"]
[Site "Vrnjacka Banja"]
[Date "2014.03.22"]
[Round "8.13"]
[White "Radusinovic, Lazar"]
[Black "Colovic, Dusan"]
[Result "1/2-1/2"]
[WhiteElo "2313"]
[BlackElo "2380"]
[PlyCount "20"]
[EventDate "2014.03.17"]

1. d4 d5 2. Nf3 Nf6 3. g3 c6 4. Bg2 e6 5. O-O Be7 6. c4 O-O 7. b3 Nbd7 8. Nc3
b6 9. Bb2 Bb7 10. Rc1 Rc8 1/2-1/2

[Event "Pojedinacno prvenstvo Centralne Srbije 2"]
[Site "Vrnjacka Banja"]
[Date "2014.03.22"]
[Round "8.15"]
[White "Dudukovic, Nikola"]
[Black "Gavrilovic, Leonardo"]
[Result "1/2-1/2"]
[WhiteElo "2364"]
[BlackElo "2255"]
[PlyCount "84"]
[EventDate "2014.03.17"]

1. e4 Nf6 2. e5 Nd5 3. c4 Nb6 4. c5 Nd5 5. Bc4 c6 6. Nc3 d6 7. Qb3 dxe5 8. Nxd5
cxd5 9. Bxd5 e6 10. Bxb7 Bxb7 11. Qxb7 Nd7 12. Nf3 Bxc5 13. O-O Rb8 14. Qe4 Rb4
15. Qe2 e4 16. Ne1 Qh4 17. Nc2 Rb8 18. g3 Qh3 19. Qxe4 h5 20. d4 Bd6 21. Qg2
Qf5 22. Ne3 Qb5 23. h3 O-O 24. b3 Nb6 25. Qf3 h4 26. g4 Be7 27. d5 Nxd5 28.
Nxd5 exd5 29. Be3 f5 30. Bxa7 fxg4 31. Qxg4 Ra8 32. Bd4 Bf6 33. Rad1 Rxa2 34.
Qe6+ Kh7 35. Qf5+ Kg8 36. Bxf6 Rxf6 37. Qxd5+ Qxd5 38. Rxd5 Rg6+ 39. Kh2 Rf6
40. Kg2 Rg6+ 41. Kf3 Rb6 42. Rd3 Rb2 1/2-1/2

[Event "Pojedinacno prvenstvo Centralne Srbije 2"]
[Site "Vrnjacka Banja"]
[Date "2014.03.22"]
[Round "8.16"]
[White "Sorgic, Dragan"]
[Black "Zivkovic, Nemanja"]
[Result "0-1"]
[WhiteElo "2244"]
[BlackElo "2290"]
[PlyCount "56"]
[EventDate "2014.03.17"]

1. e4 c5 2. Nf3 d6 3. d4 cxd4 4. Nxd4 Nf6 5. Nc3 a6 6. Be3 e5 7. Nb3 Be6 8. h3
Nbd7 9. g4 h6 10. f4 exf4 11. Bxf4 Ne5 12. Qe2 Be7 13. O-O-O Nfd7 14. Kb1 Rc8
15. Nd5 Bxd5 16. Rxd5 O-O 17. Rd1 Re8 18. Rg1 Nc4 19. Qh2 Bf6 20. Bxc4 Rxc4 21.
Nd2 Rb4 22. b3 Qb6 23. Bxd6 Qd4 24. e5 Nxe5 25. Nc4 Nd3 26. c3 Qxc3 27. Qd2
Qa1+ 28. Kc2 Qxa2+ 0-1

[Event "Pojedinacno prvenstvo Centralne Srbije 2"]
[Site "Vrnjacka Banja"]
[Date "2014.03.22"]
[Round "8.18"]
[White "Bura, Goran"]
[Black "Stojanovic, Zlatko"]
[Result "1-0"]
[WhiteElo "2222"]
[BlackElo "2253"]
[PlyCount "111"]
[EventDate "2014.03.17"]

1. e4 e6 2. Nf3 d5 3. Nc3 dxe4 4. Nxe4 Nd7 5. Bd3 Ngf6 6. Qe2 Nxe4 7. Bxe4 Nf6
8. Bxb7 Bxb7 9. Qb5+ Nd7 10. Qxb7 Bd6 11. O-O O-O 12. d4 e5 13. Bg5 f6 14. Bh4
Kh8 15. dxe5 Nxe5 16. Nxe5 Bxe5 17. Rad1 Qe8 18. b3 Qg6 19. Qc6 Rad8 20. Bg3
Bxg3 21. hxg3 h6 22. Rfe1 Rxd1 23. Rxd1 Qh5 24. Re1 Qa5 25. Rd1 f5 26. a4 f4
27. gxf4 Rxf4 28. Qb5 Qc3 29. Rd8+ Kh7 30. Qd3+ Qxd3 31. Rxd3 c5 32. g3 Re4 33.
f3 Re5 34. Kf2 a5 35. Re3 Rd5 36. Ke2 h5 37. f4 g5 38. fxg5 Rxg5 39. Kd3 Rg4
40. Ke2 c4 41. Kd2 cxb3 42. cxb3 Rg5 43. Kc2 Kg6 44. b4 axb4 45. Kb3 Rg4 46. a5
Kf5 47. a6 Rg6 48. a7 Ra6 49. Re7 Kg4 50. Rg7+ Kf3 51. Kxb4 Ra1 52. Kc5 Ra2 53.
Kb6 Rb2+ 54. Kc7 Rc2+ 55. Kb8 Rb2+ 56. Rb7 1-0

[Event "Pojedinacno prvenstvo Centralne Srbije 2"]
[Site "Vrnjacka Banja"]
[Date "2014.03.22"]
[Round "8.19"]
[White "Stanojevic, Branko"]
[Black "Zajic, Milun"]
[Result "1-0"]
[WhiteElo "2271"]
[BlackElo "1954"]
[PlyCount "83"]
[EventDate "2014.03.17"]

1. c4 e5 2. Nc3 Nc6 3. g3 g6 4. Bg2 Bg7 5. d3 d6 6. Rb1 a5 7. a3 Bd7 8. b4 axb4
9. axb4 Qc8 10. Bd2 Nge7 11. h4 h5 12. b5 Nd4 13. Nf3 c6 14. Ne4 Nxf3+ 15. Bxf3
Qc7 16. c5 dxc5 17. Nxc5 Bg4 18. b6 Qc8 19. Bxg4 hxg4 20. Ne4 Qe6 21. Bb4 Rd8
22. Qb3 Nd5 23. O-O f6 24. Nc5 Qc8 25. Ba3 Bf8 26. Ne4 Bxa3 27. Qxa3 Qd7 28.
Kg2 Kf7 29. Nc5 Qd6 30. e4 Ra8 31. Qc1 Ra5 32. Nxb7 Nf4+ 33. gxf4 Qxd3 34. Qe3
Qxe3 35. fxe3 Ra2+ 36. Rf2 Ra3 37. Nd6+ Ke6 38. Nc4 Rc3 39. Rb4 c5 40. Ra4 Rxh4
41. b7 Rb3 42. Rb2 1-0

[Event "Pojedinacno prvenstvo Centralne Srbije 2"]
[Site "Vrnjacka Banja"]
[Date "2014.03.22"]
[Round "8.21"]
[White "Todorovic, Kosta"]
[Black "Zivkovic, Marko"]
[Result "0-1"]
[WhiteElo "1929"]
[BlackElo "2192"]
[PlyCount "72"]
[EventDate "2014.03.17"]

1. c4 Nf6 2. g3 g6 3. Bg2 Bg7 4. Nc3 O-O 5. Nf3 d6 6. d3 c6 7. O-O e5 8. e4 a5
9. a3 Na6 10. b4 axb4 11. axb4 Bg4 12. Ba3 Qd7 13. Na4 Rad8 14. Nb6 Qc7 15. c5
dxc5 16. bxc5 Nxe4 17. Qa4 Bxf3 18. dxe4 Be2 19. Rfe1 Rd4 20. Qb3 Bb5 21. Nd5
Qd7 22. Nb6 Qg4 23. Bf3 Qe6 24. Qxe6 fxe6 25. Bd1 Rfd8 26. Bb2 Rd2 27. Ba3 Bf8
28. Bg4 Kf7 29. Bc1 Rc2 30. Bg5 Rd4 31. Ra3 Nxc5 32. Rf3+ Ke8 33. Bf6 Rxe4 34.
Ra1 Ra2 35. Rd1 Rd4 36. Rxd4 Ra1+ 0-1

[Event "Pojedinacno prvenstvo Centralne Srbije 2"]
[Site "Vrnjacka Banja"]
[Date "2014.03.22"]
[Round "8.22"]
[White "Ristic, Dejan D"]
[Black "Jokic, Miodrag"]
[Result "1/2-1/2"]
[WhiteElo "1770"]
[BlackElo "2103"]
[PlyCount "50"]
[EventDate "2014.03.17"]

1. d4 c5 2. d5 e5 3. c4 d6 4. Nc3 f5 5. e4 Nf6 6. Bg5 Be7 7. Bxf6 Bxf6 8. Nf3
O-O 9. Bd3 f4 10. h3 Nd7 11. a4 b6 12. Qd2 a6 13. Nh2 Rb8 14. Be2 Bg5 15. Qd1
Nf6 16. Ng4 Ne8 17. Nh2 Nc7 18. Bg4 b5 19. axb5 axb5 20. Bxc8 Qxc8 21. b3 bxc4
22. bxc4 Rb4 23. Qe2 g6 24. O-O h5 25. Ra3 Qb7 1/2-1/2

[Event "Pojedinacno prvenstvo Centralne Srbije 2"]
[Site "Vrnjacka Banja"]
[Date "2014.03.22"]
[Round "8.7"]
[White "Pavlovic, Goran"]
[Black "Ratkovic, Miloje"]
[Result "1-0"]
[WhiteElo "2372"]
[BlackElo "2358"]
[PlyCount "120"]
[EventDate "2014.03.17"]

1. d4 Nf6 2. c4 e6 3. Nf3 Bb4+ 4. Nbd2 b6 5. a3 Bxd2+ 6. Qxd2 Bb7 7. e3 O-O 8.
Be2 d6 9. O-O Nbd7 10. b4 Qe7 11. Bb2 Ne4 12. Qc2 f5 13. d5 e5 14. Ne1 c6 15.
f3 Ng5 16. h4 Nf7 17. dxc6 Bxc6 18. b5 Bb7 19. Qxf5 Nh6 20. Qg5 Rf6 21. e4 Nf7
22. Qg3 Rh6 23. Nc2 Rxh4 24. Ne3 Nh6 25. Rad1 Rf4 26. Bc1 Rf6 27. Qh4 Qe8 28.
Nd5 Bxd5 29. cxd5 Nf7 30. Be3 Nc5 31. Rc1 Nh8 32. g3 Ng6 33. Qh3 Nf8 34. Kg2
Qg6 35. Qh4 Nfd7 36. Rh1 h6 37. Qh5 Qxh5 38. Rxh5 g5 39. Rch1 g4 40. Rxh6 gxf3+
41. Bxf3 Rxh6 42. Rxh6 Nb7 43. Bg4 Ndc5 44. Bf5 a6 45. Bxc5 bxc5 46. bxa6 Rxa6
47. Bc8 Rb6 48. Bxb7 Rxb7 49. Rxd6 Rb3 50. Re6 c4 51. Rxe5 c3 52. d6 c2 53. Rc5
Rb2 54. Kf3 Kf7 55. Kf4 Ke6 56. e5 Ra2 57. Rc7 Rxa3 58. Rxc2 Ra4+ 59. Kg5 Kxe5
60. d7 Rd4 1-0

[Event "Pojedinacno prvenstvo Centralne Srbije 2"]
[Site "Vrnjacka Banja"]
[Date "2014.03.22"]
[Round "8.9"]
[White "Velickovic, Sasa"]
[Black "Ilic, Zoran S"]
[Result "1-0"]
[WhiteElo "2377"]
[BlackElo "2297"]
[PlyCount "85"]
[EventDate "2014.03.17"]

1. e4 c5 2. Nf3 e6 3. b3 b6 4. Bb2 Bb7 5. Nc3 Nc6 6. d4 cxd4 7. Nxd4 Nf6 8.
Nxc6 Bxc6 9. Bd3 Qc7 10. a4 Bb4 11. O-O Qe5 12. Nd5 Qxb2 13. Nxb4 Bxe4 14. Bxe4
Nxe4 15. Re1 f5 16. f3 Qc3 17. fxe4 Qxb4 18. exf5 Qc5+ 19. Kh1 Qxf5 20. Rf1 Qe4
21. a5 Rc8 22. c4 Ke7 23. axb6 axb6 24. Ra7 Rcd8 25. Qa1 Rhg8 26. Qa3+ Ke8 27.
Qd6 Qe2 28. Raa1 Qe3 29. Rae1 Qh6 30. Qxb6 g5 31. c5 Rg6 32. c6 dxc6 33. Qxc6+
Ke7 34. Qc7+ Rd7 35. Qc5+ Ke8 36. b4 Rf6 37. b5 Rxf1+ 38. Rxf1 Qg7 39. b6 Qe7
40. Qe5 Rb7 41. Qb5+ Kd8 42. Qa5 Qd6 43. Qa8+ 1-0

[Event "Pojedinacno prvenstvo Centralne Srbije 2"]
[Site "Vrnjacka Banja"]
[Date "2014.03.22"]
[Round "8.12"]
[White "Nestorovic, Lazar"]
[Black "Stojanovic, Andjelija"]
[Result "1/2-1/2"]
[WhiteElo "2381"]
[BlackElo "2295"]
[PlyCount "120"]
[EventDate "2014.03.17"]

1. e4 d6 2. d4 Nf6 3. f3 c5 4. Ne2 cxd4 5. Nxd4 e5 6. Nb3 d5 7. exd5 Nxd5 8.
Bd2 Nc6 9. Nc3 Bf5 10. Nxd5 Qxd5 11. c3 O-O-O 12. Bg5 Qxd1+ 13. Rxd1 Be7 14.
Rxd8+ Rxd8 15. Be3 Bb1 16. a3 Bc2 17. Nd2 f5 18. Be2 Bh4+ 19. g3 Bf6 20. Bd1
Bd3 21. Be2 Bc2 22. Bd1 Bd3 23. Nb3 b6 24. Be2 Ne7 25. Bxd3 Rxd3 26. Ke2 Rd7
27. a4 Nd5 28. Bf2 g5 29. a5 Bd8 30. Ra1 Kb7 31. axb6 axb6 32. Ra4 h5 33. c4
Ne7 34. Rb4 Kc6 35. Rb5 Bc7 36. Nc1 g4 37. fxg4 hxg4 38. Nd3 Ng6 39. Nb4+ Kb7
40. c5 Rh7 41. cxb6 Bb8 42. Bg1 f4 43. Rd5 e4 44. Rg5 Ne5 45. gxf4 Nf3 46. Rxg4
Nxg1+ 47. Rxg1 Bd6 48. Nd5 Rxh2+ 49. Ke1 Kc6 50. Nc3 Bxf4 51. Rg6+ Kb7 52. Nxe4
Be3 53. Nd6+ Kc6 54. Nc4+ Kc5 55. Nxe3 Rxb2 56. Kd1 Rh2 57. Kc1 Re2 58. Nc2 Rh2
59. Kb2 Rh3 60. Rg8 Kxb6 1/2-1/2

[Event "Pojedinacno prvenstvo Centralne Srbije 2"]
[Site "Vrnjacka Banja"]
[Date "2014.03.22"]
[Round "8.14"]
[White "Pantovic, Dragan M"]
[Black "Milenkovic, Mladen"]
[Result "0-1"]
[WhiteElo "2132"]
[BlackElo "2373"]
[PlyCount "98"]
[EventDate "2014.03.17"]

1. Nf3 g6 2. c4 Bg7 3. d4 c5 4. d5 d6 5. Nc3 Nf6 6. e4 O-O 7. h3 e6 8. Bd3 exd5
9. cxd5 a6 10. a4 Nbd7 11. Bf4 Qe7 12. O-O Ne8 13. a5 Rb8 14. Re1 Nc7 15. Bf1
Ne5 16. Nxe5 Bxe5 17. Bxe5 Qxe5 18. Qd2 b6 19. axb6 Rxb6 20. Kh1 Bd7 21. f4 Qd4
22. Qc2 Rfb8 23. Rab1 Rb3 24. Red1 Qb4 25. Na2 Qb6 26. Rd2 Qa5 27. Nc3 R3b4 28.
Rf2 Bb5 29. Bxb5 Nxb5 30. Nxb5 Qxb5 31. e5 Rc4 32. Qd1 Rd4 33. Qf3 Qd3 34. Qxd3
Rxd3 35. exd6 Rxd5 36. f5 Rxd6 37. Rc1 Rb5 38. fxg6 hxg6 39. Re1 Kf8 40. Ref1
Rb7 41. Rc1 Rd5 42. Ra1 Rb6 43. Raf1 Rd7 44. Rc1 Rb5 45. Rcf1 Ke8 46. Re1+ Kd8
47. Ref1 f5 48. Re1 Rd6 49. Rfe2 Kd7 0-1

[Event "Pojedinacno prvenstvo Centralne Srbije 2"]
[Site "Vrnjacka Banja"]
[Date "2014.03.22"]
[Round "8.17"]
[White "Petrovic, Zoran Z"]
[Black "Vujacic, Borivoje"]
[Result "1/2-1/2"]
[WhiteElo "2056"]
[BlackElo "2287"]
[PlyCount "79"]
[EventDate "2014.03.17"]

1. e4 c5 2. b3 d6 3. Bb2 Nf6 4. Bb5+ Bd7 5. Bxd7+ Nbxd7 6. d3 g6 7. f4 Bg7 8.
Nf3 O-O 9. O-O b5 10. Qe1 c4 11. d4 Qb6 12. Kh1 Rac8 13. c3 e5 14. fxe5 dxe5
15. Ba3 Rfe8 16. d5 h6 17. Nbd2 cxb3 18. axb3 a5 19. Rc1 Nh5 20. g3 Nhf6 21.
Qf2 Qb7 22. Ne1 b4 23. cxb4 axb4 24. Bb2 Rxc1 25. Bxc1 Rc8 26. Bb2 Nc5 27. Qe2
Re8 28. Nef3 Nfd7 29. Nc4 Qb8 30. Nfd2 Rf8 31. Qe3 f5 32. exf5 gxf5 33. Qf3 Qb7
34. Nd6 Qa6 35. Nxf5 Kh7 36. Qg4 Bh8 37. Qc4 Qg6 38. Ne3 Rxf1+ 39. Qxf1 Nd3 40.
Ba1 {...} 1/2-1/2

[Event "Pojedinacno prvenstvo Centralne Srbije 2"]
[Site "Vrnjacka Banja"]
[Date "2014.03.22"]
[Round "8.23"]
[White "Colovic, Zoran"]
[Black "Miladinovic, Lena"]
[Result "1/2-1/2"]
[WhiteElo "2102"]
[BlackElo "2095"]
[PlyCount "88"]
[EventDate "2014.03.17"]

1. e4 c5 2. Nf3 e6 3. d4 cxd4 4. Nxd4 Nc6 5. Nc3 Qc7 6. Be2 Nf6 7. O-O Be7 8.
Be3 O-O 9. Ndb5 Qb8 10. a4 b6 11. f4 d6 12. Bf3 Bb7 13. Qe1 Nb4 14. Qf2 d5 15.
e5 Ne4 16. Nxe4 dxe4 17. Bd1 Nd5 18. Bd4 a6 19. Nc3 Nxc3 20. bxc3 b5 21. Be2
Bc6 22. f5 exf5 23. Qxf5 Qc8 24. Qh5 Qe6 25. Bg4 Qd5 26. axb5 axb5 27. Rad1 Bc5
28. Kh1 Bxd4 29. cxd4 Ra2 30. c3 e3 31. Bf3 Qc4 32. d5 e2 33. Bxe2 Qxe2 34.
Qxe2 Rxe2 35. dxc6 Rxe5 36. c7 Re7 37. Rd5 Rxc7 38. Rxb5 Rxc3 39. Rb7 g5 40. h3
Kg7 41. Kh2 Kg6 42. Rd1 h5 43. Rdd7 h4 44. Kg1 f6 1/2-1/2

[Event "Pojedinacno prvenstvo Centralne Srbije 2"]
[Site "Vrnjacka Banja"]
[Date "2014.03.22"]
[Round "8.24"]
[White "Dabizljevic, Radun"]
[Black "Tosic, Dragoljub"]
[Result "1/2-1/2"]
[WhiteElo "1834"]
[BlackElo "1966"]
[PlyCount "48"]
[EventDate "2014.03.17"]

1. e4 d6 2. Nc3 g6 3. Nf3 Bg7 4. d3 c5 5. Bf4 Nc6 6. Be2 a5 7. Qd2 a4 8. a3 h5
9. Nd1 b5 10. c3 Na5 11. Qc2 Nb3 12. Rb1 e5 13. Be3 f5 14. Bg5 Bf6 15. Bxf6
Qxf6 16. d4 c4 17. Ne3 Ne7 18. Rd1 h4 19. dxe5 dxe5 20. Nd5 Nxd5 21. Rxd5 O-O
22. Rxb5 Re8 23. Bxc4+ Be6 24. Rb6 Nc5 {....} 1/2-1/2

[Event "Pojedinacno prvenstvo Centralne Srbije 2"]
[Site "Vrnjacka Banja"]
[Date "2014.03.22"]
[Round "8.25"]
[White "Gagic, Miroljub"]
[Black "Ratkovic, Petar"]
[Result "1/2-1/2"]
[WhiteElo "1865"]
[BlackElo "1783"]
[PlyCount "89"]
[EventDate "2014.03.17"]

1. Nf3 d5 2. g3 c6 3. Bg2 Nf6 4. O-O Bf5 5. d3 e6 6. c4 Nbd7 7. Nbd2 Be7 8. b3
O-O 9. Bb2 dxc4 10. bxc4 Nc5 11. Nb3 Nfd7 12. d4 Na4 13. Bc1 Bb4 14. Nbd2 Qa5
15. e4 Bg6 16. Qb3 c5 17. a3 Bc3 18. Ra2 cxd4 19. Qxb7 Nac5 20. Qb1 Rab8 21.
Qc2 d3 22. Qd1 Nxe4 23. Nh4 Bh5 24. g4 Nxd2 25. Bxd2 Bxd2 26. Rxd2 Bxg4 27. Bf3
Bxf3 28. Nxf3 Nc5 29. Kh1 Qxa3 30. Rg1 Ne4 31. Ne5 Nxd2 32. Qxd2 g6 33. Qg5 Qd6
34. Qf6 Qd8 35. Qf4 d2 36. Rd1 Rb2 37. c5 Qd5+ 38. f3 Qxc5 39. Qf6 Qf2 40. Ng4
Qe1+ 41. Kg2 Qe2+ 42. Kg3 h5 43. Nh6+ Kh7 44. Nxf7 Rxf7 45. Qxf7+ 1/2-1/2

[Event "Pojedinacno prvenstvo centralne Srbije"]
[Site "www.sah-centralnasrbija.com"]
[Date "2014.03.22"]
[Round "8"]
[White "ABRAMOVIC , Bosko"]
[Black "SEDLAK,  Nikola"]
[Result "1/2-1/2"]
[WhiteElo "2437"]
[BlackElo "2562"]
[PlyCount "75"]
[EventDate "2014.??.??"]

1. c4 c6 2. Nc3 d5 3. cxd5 cxd5 4. d4 Nf6 5. Nf3 Nc6 6. Bf4 a6 7. Rc1 Nh5 8.
Be5 f6 9. Bg3 e5 10. e3 Nxg3 11. hxg3 Be6 12. Be2 Be7 13. O-O e4 14. Nd2 f5 15.
Na4 O-O 16. Nc5 Bxc5 17. Rxc5 Qb6 18. Qb3 Qxb3 19. Nxb3 Rfc8 20. Rfc1 Kf7 21.
a3 Ne7 22. R1c3 b6 23. Rxc8 Bxc8 24. f3 Ke8 25. Kf2 Kd8 26. Nd2 a5 27. g4 exf3
28. gxf3 fxg4 29. fxg4 Be6 30. Kg3 Rc8 31. Nb1 Rxc3 32. Nxc3 h6 33. Bd3 g5 34.
e4 dxe4 35. Bxe4 Bf7 36. Bf3 Kd7 37. Nd1 Nc6 38. Bxc6+ 1/2-1/2

[Event "Pojedinacno prvenstvo centralne Srbije"]
[Site "www.sah-centralnasrbija.com"]
[Date "2014.03.22"]
[Round "8"]
[White "LAJTHAJM,  Borko"]
[Black "RISTIC , Nenad"]
[Result "1-0"]
[WhiteElo "2525"]
[BlackElo "2431"]
[PlyCount "83"]
[EventDate "2014.??.??"]

1. c4 g6 2. g3 Bg7 3. Bg2 Nf6 4. Nc3 O-O 5. Nf3 c6 6. O-O d5 7. cxd5 cxd5 8. d3
Nc6 9. Bg5 h6 10. Bxf6 Bxf6 11. Rc1 e6 12. a3 Qb6 13. Na4 Qa6 14. d4 Rd8 15.
Nc5 Qb5 16. Qd2 b6 17. Qf4 Kg7 18. Nd3 Ba6 19. h4 h5 20. Nfe5 Rac8 21. g4 Qa4
22. Rxc6 Rxc6 23. g5 Bxe5 24. Nxe5 Rf8 25. b3 Qb5 26. a4 Qxb3 27. Nxc6 Qxa4 28.
Qf6+ Kh7 29. Ne5 Kg8 30. Rc1 Bc4 31. e3 Qa3 32. Rd1 Be2 33. Re1 Bd3 34. Bh3 Be4
35. f3 Qc3 36. Kf2 Bf5 37. Bxf5 exf5 38. Re2 Qa1 39. Nxg6 fxg6 40. Qxg6+ Kh8
41. Qh6+ Kg8 42. g6 1-0

[Event "Pojedinacno prvenstvo centralne Srbije"]
[Site "www.sah-centralnasrbija.com"]
[Date "2014.03.22"]
[Round "8"]
[White "ANTIC,  Dejan"]
[Black "BOJKOVIC , Natasa"]
[Result "1/2-1/2"]
[WhiteElo "2462"]
[BlackElo "2411"]
[PlyCount "50"]
[EventDate "2014.??.??"]

1. e4 c5 2. Nf3 e6 3. g3 Nc6 4. Bg2 Nf6 5. Qe2 d6 6. O-O Be7 7. c3 Bd7 8. Rd1
Rc8 9. d4 cxd4 10. cxd4 d5 11. Nc3 dxe4 12. Nxe4 O-O 13. Nxf6+ Bxf6 14. Ne5 Qe7
15. Nxd7 Qxd7 16. d5 exd5 17. Rxd5 Nd4 18. Qd3 Qe7 19. Bd2 Nc2 20. Rd7 Rfd8 21.
Rxd8+ Qxd8 22. Qxd8+ Rxd8 23. Rd1 Bg5 24. Be4 Rxd2 25. Rxd2 Bxd2 1/2-1/2

[Event "Pojedinacno prvenstvo centralne Srbije"]
[Site "www.sah-centralnasrbija.com"]
[Date "2014.03.22"]
[Round "8"]
[White "MAKSIMOVIC,  Branimir"]
[Black "MILANOVIC , Danilo"]
[Result "1-0"]
[WhiteElo "2364"]
[BlackElo "2506"]
[PlyCount "93"]
[EventDate "2014.??.??"]

1. d4 Nf6 2. c4 c5 3. d5 b5 4. Qc2 bxc4 5. e4 g6 6. Bxc4 d6 7. Nf3 Bg7 8. O-O
O-O 9. Re1 Nbd7 10. Bd2 Nb6 11. Ba5 Qd7 12. Bf1 Bb7 13. Nbd2 Rab8 14. Rad1 Qc8
15. b3 Ba6 16. Nc4 Bxc4 17. Bxc4 Nxc4 18. Qxc4 Nd7 19. Bc3 Bxc3 20. Qxc3 Qa6
21. Nd2 Rb4 22. f4 Rfb8 23. Qc2 Nb6 24. Nf3 Qb7 25. Qf2 Nd7 26. e5 Qc7 27. Ng5
Rf8 28. Qh4 h5 29. e6 Nf6 30. exf7+ Rxf7 31. Nxf7 Kxf7 32. h3 Qd7 33. Re6 Nxd5
34. Rde1 Qxe6 35. Rxe6 Kxe6 36. g3 Nf6 37. Qg5 Kf7 38. f5 gxf5 39. Qxf5 a5 40.
Qc2 e5 41. a3 Rd4 42. Qc3 Ne4 43. Qxa5 Nxg3 44. Qe1 h4 45. a4 Rb4 46. a5 Ke6
47. Qxb4 1-0

[Event "Pojedinacno prvenstvo centralne Srbije"]
[Site "www.sah-centralnasrbija.com"]
[Date "2014.03.22"]
[Round "8"]
[White "JOVIC,  Stanoje"]
[Black "MARKOVIC,  Miroslav"]
[Result "0-1"]
[WhiteElo "2304"]
[BlackElo "2498"]
[PlyCount "142"]
[EventDate "2014.??.??"]

1. c4 g6 2. Nc3 Bg7 3. Nf3 Nf6 4. g3 O-O 5. Bg2 d6 6. O-O Nc6 7. d3 h6 8. Rb1
a5 9. a3 e5 10. b4 axb4 11. axb4 Be6 12. b5 Ne7 13. e4 c6 14. h3 Nd7 15. Ne1 f5
16. Nc2 f4 17. Qe2 g5 18. Rd1 Qc8 19. g4 h5 20. f3 hxg4 21. fxg4 Ng6 22. Ne1
Nh4 23. Nf3 Nxf3+ 24. Bxf3 Bf6 25. Kg2 Bd8 26. Bd2 Bb6 27. Rh1 Rf7 28. h4 gxh4
29. Rxh4 Rg7 30. Rbh1 Nf8 31. Rh8+ Kf7 32. Kf1 Ra1+ 33. Nd1 Bxg4 34. Bc3 Rc1
35. Rxf8+ Kxf8 36. Rh8+ Ke7 37. Rxc8 Bh3+ 38. Ke1 Rg1+ 39. Kd2 Rgxd1+ 40. Qxd1
Rxd1+ 41. Kxd1 Bxc8 42. bxc6 bxc6 43. Be1 Bh3 44. Ke2 Bc5 45. Bh4+ Kf7 46. Bd8
Kg6 47. Be7 Bb4 48. Bh4 Kf7 49. Bg5 Ke6 50. Bh4 Kd7 51. Bf6 Bc5 52. Bh4 Kc7 53.
Be1 Kb6 54. Bc3 Ka6 55. Bd2 Kb6 56. Bc3 Be6 57. Kd1 Ba3 58. Ke2 Kc5 59. Bh5 Bb4
60. Bb2 Bd7 61. Bf3 Bh3 62. Kf2 Kb6 63. Ke2 c5 64. Kf2 Ka5 65. Bd1 Bd7 66. Kf3
Ba4 67. Be2 Bc2 68. Kg4 Ka4 69. Kf5 Kb3 70. Bxe5 dxe5 71. Kxe5 f3 0-1

[Event "Pojedinacno prvenstvo centralne Srbije"]
[Site "www.sah-centralnasrbija.com"]
[Date "2014.03.22"]
[Round "8"]
[White "ZAJIC,  Milan"]
[Black "PIKULA , Dejan"]
[Result "1-0"]
[WhiteElo "2370"]
[BlackElo "2498"]
[PlyCount "83"]
[EventDate "2014.??.??"]

1. e4 c6 2. d4 d5 3. exd5 cxd5 4. Bd3 Nc6 5. c3 Nf6 6. Bf4 Bg4 7. Qb3 Qc8 8.
Nd2 e6 9. Ngf3 Be7 10. O-O Bh5 11. Ne5 O-O 12. Rae1 Nxe5 13. Bxe5 Nd7 14. Bg3
Bg6 15. Bxg6 hxg6 16. c4 Bg5 17. f4 dxc4 18. Nxc4 Bf6 19. Rd1 Rd8 20. f5 Nf8
21. Nd6 Qc6 22. fxe6 fxe6 23. Nb5 a6 24. Nc7 Rac8 25. d5 Qc5+ 26. Kh1 e5 27.
d6+ Kh8 28. Rd5 Qc6 29. Rfd1 b5 30. Bf2 Rd7 31. Rc5 Qb7 32. Qh3+ Kg8 33. Qb3+
Kh8 34. a4 b4 35. Qh3+ Kg8 36. Qb3+ Kh8 37. Qc4 e4 38. b3 Nh7 39. Bg1 Bc3 40.
Rc6 Nf6 41. Rb6 Rcxc7 42. Rxb7 1-0